|
|
|
|
| LEADER |
00908nab a2200217 i 4500 |
| 001 |
misc61963 |
| 005 |
20230202123957.0 |
| 008 |
220825s1972 hu o 0|| ger d |
| 040 |
|
|
|a SZTE Miscellanea Repozitórium
|b hun
|
| 041 |
|
|
|a ger
|
| 100 |
1 |
|
|a Németh Gyula
|
| 245 |
1 |
0 |
|a Magyar und Mišer
|h [elektronikus dokumentum] /
|c Németh Gyula
|
| 260 |
|
|
|a Akadémiai Kiadó
|b Budapest
|c 1972
|
| 300 |
|
|
|a 293-299
|c 25 cm
|
| 490 |
0 |
|
|a Acta Orientalia Academiae Scientiarum Hungaricae;Acta Orientalia Academiae Scientiarum Hungaricae
|
| 561 |
|
|
|a Németh Gyula hagyaték
|
| 591 |
|
|
|a LOA 2625; NOA 4414; NOA 4413; XKEK 164; B 113676; XKEK 1878; OA 7013
|
| 650 |
|
4 |
|a Bölcsészettudományok
|
| 650 |
|
4 |
|a Nyelvek és irodalom
|
| 695 |
|
|
|a Magyar nyelv - földrajzi nevek - etimológia, Magyar nyelv - személynév - etimológia
|
| 856 |
4 |
0 |
|u http://misc.bibl.u-szeged.hu/61963/1/7013_oa.pdf
|z Dokumentum-elérés
|